000 00484nam a2200169 i 4500
001 83795
003 ES-MaACL
005 20230906174908.0
007 t|
008 041118s1973 sp ||||1| spa d
100 1 _aJadoulle, Andrés.
_965889
245 1 0 _aLlegar a ser alguien /
_cAndrés Jadoulle ; traducción por Eloy Requena.
260 _aMadrid :
_bStudium,
_c[1973]
300 _a171 p. ;
_c22 cm.
700 1 _aRequena, Eloy.
_996289
852 _aES-MaACL
_jC-54005
_bR.86900
999 _c83795
_d83795